000 01318cam a2200289Mu 4500
001 brothertooxautob00kitc
003 CaSfIA
005 20210117221853.0
007 cr||||
008 841005r19811940enka 000 0aeng d
040 _aCU-A
_cSTF
_dCaSfIA
020 _a0904573540
020 _a9780904573541
035 _a(OCoLC)123251834
043 _ae-uk---
100 1 _aKitchen, Fred.
245 1 0 _aBrother to the ox;
_h[electronic resource]
_bthe autobiography of a farm labourer,
_cby Fred Kitchen; with a prefatory letter by the Duke of Portland and eight photographs.
260 _aHorsham, Sussex,
_bCaliban Books,
_c1981.
300 _aviii, 243 p.
_billus.
_c21 cm.
500 _aReprint of the 1940 ed.
600 1 0 _aKitchen, Fred.
856 4 1 _uhttp://www.archive.org/details/brothertooxautob00kitc
_zFree eBook from the Internet Archive
856 4 2 _uhttp://www.openlibrary.org/books/OL21704412M
_zAdditional information and access via Open Library
942 _cEB
506 _fНеобхідна авторизація на https://archive.org/ (створення облікового запису безкоштовно)
506 _fНеобхідна авторизація на https://openlibrary.org/ (створення облікового запису безкоштовно)
999 _c476855
_d476855